Wrestlers by Picture 18: WWWF (WWE) in the 1970's - Statistics

General Stats
  • This quiz has been taken 57 times
  • The average score is 10 of 16
Answer Stats
Picture Answer % Correct
Andre the Giant
100%
Bruno Sammartino
90%
George "The Animal" Steele
90%
Bob Backlund
86%
"Superstar" Billy Graham
82%
Mr. Fuji
73%
Pat Patterson
73%
Pedro Morales
69%
Gorilla Monsoon
59%
Chief Jay Strongbow
57%
"Big Cat" Ernie Ladd
55%
Ivan Putski
45%
Ken Patera
41%
Larry Zbyszko
39%
"High Chief" Peter Miavia
27%
Rene Goulet
18%
No matching quizzes found
Score Distribution
Percent of People with Each Score
Percentile by Number Answered
Your Score History
You have not taken this quiz